000 03548nam a22004097a 4500
005 20100809121033.0
010 _aB-407877-894
020 _a9788172237516
_c195.00
035 _aB-407877-894
037 _bAakar Books
082 _aS
100 _aWasu, P.S.
_99181
245 _aThe fine print of life:
_cby P.S. Wasu
_bhow Panna Lal found happines, wisdom, and Mishri Devi /
260 _aNoida
_bHarper Collins Publishers India, a joint venture with India Today Group,
_c2009
270 _aA53, Sector 57
_bNOIDA
300 _a177 p.
_c22 cm(pbk)
942 _2ddc
_cEN
_mWAS
_hS
999 _c35194
_d35194